[Event "Stein am Rhein op 11th"]
[Site "Stein am Rhein"]
[Date "2020.02.09"]
[Round "4"]
[White "Shatil, Shir"]
[Black "Kuschminder, Paul"]
[Result "1-0"]
[WhiteElo "1813"]
[BlackElo "1587"]
[PlyCount "57"]
[EventDate "2020.02.07"]
[EventType "swiss"]
[EventRounds "5"]
[EventCountry "SUI"]
[SourceTitle "CBM 195 Extra"]
[Source "ChessBase"]
[SourceDate "2020.05.31"]
[SourceVersion "1"]
[SourceVersionDate "2020.05.31"]
[SourceQuality "1"]

1. d4 Nf6 2. c4 c5 3. d5 b5 4. cxb5 a6 5. bxa6 Bxa6 6. Nc3 d6 7. e4 Bxf1 8. Kxf1 g6 9. Nf3 Nbd7 10. g3 Bg7 11. Kg2 0-0 12. Qe2 Qb6 13. a4 Rfb8 14. Nb5 e6 15. dxe6 fxe6 16. Bf4 e5 17. Bg5 Qc6 18. Bxf6 Nxf6 19. Qc4+ Kh8 20. Rhe1 Re8 21. Rad1 Rad8 22. Ng5 Re7 23. Nf7+ Rxf7 24. Qxf7 Nxe4 25. Qd5 Qxd5 26. Rxd5 Ng5 27. Rxd6 Rxd6 28. Nxd6 Kg8 29. a5 1-0

[Event "Stein am Rhein op 11th"]
[Site "Stein am Rhein"]
[Date "2020.02.08"]
[Round "3"]
[White "Kuschminder, Paul"]
[Black "Weber, Daniel"]
[Result "1-0"]
[WhiteElo "1587"]
[BlackElo "1781"]
[PlyCount "131"]
[EventDate "2020.02.07"]
[EventType "swiss"]
[EventRounds "5"]
[EventCountry "SUI"]
[SourceTitle "CBM 195 Extra"]
[Source "ChessBase"]
[SourceDate "2020.05.31"]
[SourceVersion "1"]
[SourceVersionDate "2020.05.31"]
[SourceQuality "1"]

1. e4 c5 2. Nf3 Nc6 3. d4 cxd4 4. Nxd4 g6 5. Nc3 Bg7 6. Be3 d6 7. f3 Bd7 8. Qd2 Nf6 9. 0-0-0 Nxd4 10. Bxd4 0-0 11. g4 Be6 12. h4 Qa5 13. Kb1 Rac8 14. a3 a6 15. h5 b5 16. hxg6 fxg6 17. Na2 Qxd2 18. Rxd2 Bxa2+ 19. Kxa2 Nd7 20. Bxg7 Kxg7 21. Be2 Ne5 22. Rh3 Rf4 23. Bd1 Rcf8 24. Rdh2 Rh8 25. Kb3 Nc6 26. Kc3 Rff8 27. Kd2 Ne5 28. b3 Nf7 29. Ke3 Ng5 30. Rh4 Ne6 31. Be2 g5 32. Rh6 Nf4 33. Bd1 Ng6 34. R6h3 Nh4 35. Rf2 Rf4 36. Rxh4 Rxe4+ 37. Kxe4 gxh4 38. Rh2 Rc8 39. Rxh4 Rc5 40. Rh5 Rc6 41. f4 e6 42. Rh3 h6 43. Rh5 Rc3 44. f5 exf5+ 45. Rxf5 Rc8 46. Kd5 Kg6 47. c4 bxc4 48. bxc4 Rb8 49. Bc2 Rb6 50. Re5+ Kf6 51. Re6+ Kg5 52. Rxd6 Rb2 53. Rg6+ Kf4 54. Bf5 h5 55. gxh5 Kxf5 56. Rxa6 Rd2+ 57. Kc5 Rd8 58. a4 Ke5 59. a5 Rc8+ 60. Rc6 Rh8 61. h6 Ke4 62. a6 Kd3 63. a7 Rf8 64. Kb6 Kd4 65. Kb7 Rf7+ 66. Rc7 1-0

[Event "GER-ch U25-B"]
[Site "Willingen"]
[Date "2019.06.09"]
[Round "1"]
[White "Kuschminder, Paul"]
[Black "Dartmann Aubanell, Catriona"]
[Result "1/2-1/2"]
[WhiteElo "1495"]
[BlackElo "1728"]
[PlyCount "119"]
[EventDate "2019.06.08"]
[EventType "swiss"]
[EventRounds "9"]
[EventCountry "GER"]
[SourceTitle "CBM 191 Extra"]
[Source "ChessBase"]
[SourceDate "2019.09.30"]
[SourceVersion "1"]
[SourceVersionDate "2019.09.30"]
[SourceQuality "1"]

1. d4 d5 2. Bf4 Nf6 3. Nd2 c5 4. c3 Qb6 5. Qb3 c4 6. Qc2 g6 7. e4 Nxe4 8. Nxe4 Bf5 9. Qa4+ Bd7 10. Qc2 Qe6 11. Nf3 Qxe4+ 12. Qxe4 dxe4 13. Nd2 b5 14. Nxe4 Bc6 15. f3 Nd7 16. Kf2 Bg7 17. Rd1 Nb6 18. g4 Nd5 19. Bg3 h5 20. g5 Rd8 21. h4 Nb6 22. Bg2 0-0 23. Nc5 Nd5 24. Rhe1 b4 25. cxb4 Nxb4 26. Be5 Bxe5 27. dxe5 Nxa2 28. e6 Rxd1 29. Rxd1 fxe6 30. Nxe6 Rb8 31. Rd8+ Rxd8 32. Nxd8 Bd5 33. f4 e6 34. Bxd5 exd5 35. Nc6 Nc1 36. Ke3 Nd3 37. Nxa7 Nxb2 38. Nb5 Nd3 39. Nc3 Nb4 40. Kd4 Kf7 41. Kc5 Nd3+ 42. Kxd5 Nxf4+ 43. Kxc4 Ng2 44. Kd4 Ke6 45. Ke4 Nxh4 46. Ne2 Nf5 47. Nf4+ Kf7 48. Kf3 Nd4+ 49. Ke4 Ne6 50. Nh3 Ke7 51. Kd5 Nc7+ 52. Ke5 Kf7 53. Nf4 h4 54. Ke4 Nb5 55. Ne2 Nd6+ 56. Kf4 Nf5 57. Kg4 Ke7 58. Nf4 Kf7 59. Ng2 Ke6 60. Nf4+ 1/2-1/2